000 00630nam a2200193Ia 4500
005 20150122154205.0
008 140626s9999 xx 000 0 und d
100 _aMorrow, Daniel.
245 _aHealth care research that delivers :
_bintroduction to the special issue on cognitive factors in health care /
_cDaniel Morrow ... [et al.].
260 _cc2011.
300 _a17 : 3, page 191
440 _aJournal of Experimental Psycholgy : Applied
650 _aCognition.
650 _aHealth care.
650 _aMedical error.
650 _aPatient safety.
650 _aUse-inspired basic research.
942 _cSE
_2lcc
999 _c121316
_d121316